<?xml version="1.0" encoding="UTF-8"?>
<record
    xmlns:xsi="http://www.w3.org/2001/XMLSchema-instance"
    xsi:schemaLocation="http://www.loc.gov/MARC21/slim http://www.loc.gov/standards/marcxml/schema/MARC21slim.xsd"
    xmlns="http://www.loc.gov/MARC21/slim">

  <leader>01915nam a2200217Ia 4500</leader>
  <controlfield tag="003">OSt</controlfield>
  <controlfield tag="005">20251118101210.0</controlfield>
  <controlfield tag="008">210210b2007   xxu||||| |||| 00| 0 eng d</controlfield>
  <datafield tag="040" ind1=" " ind2=" ">
    <subfield code="c">AL</subfield>
  </datafield>
  <datafield tag="041" ind1=" " ind2=" ">
    <subfield code="a">Kannada</subfield>
  </datafield>
  <datafield tag="082" ind1=" " ind2=" ">
    <subfield code="a">K894.301 AMAS</subfield>
  </datafield>
  <datafield tag="100" ind1=" " ind2=" ">
    <subfield code="a">AMARESHA NUGADONI</subfield>
    <subfield code="d">&#xC85;&#xCAE;&#xCB0;&#xCC7;&#xCB6; &#xCA8;&#xCC1;&#xC97;&#xCA1;&#xCCB;&#xCA3;&#xCBF;</subfield>
    <subfield code="9">246098</subfield>
  </datafield>
  <datafield tag="245" ind1=" " ind2=" ">
    <subfield code="a">Savari</subfield>
    <subfield code="b">&#xCB8;&#xCB5;&#xCBE;&#xCB0;&#xCBF;</subfield>
  </datafield>
  <datafield tag="260" ind1=" " ind2=" ">
    <subfield code="a">Bengaluru</subfield>
    <subfield code="b">Ankita Pustaka</subfield>
    <subfield code="c">2007</subfield>
  </datafield>
  <datafield tag="300" ind1=" " ind2=" ">
    <subfield code="a">211</subfield>
  </datafield>
  <datafield tag="520" ind1=" " ind2=" ">
    <subfield code="a">&#x2018;&#xCB8;&#xCB5;&#xCBE;&#xCB0;&#xCBF;&#x2019; &#xCB2;&#xCC7;&#xC96;&#xC95; &#xC85;&#xCAE;&#xCB0;&#xCC7;&#xCB6; &#xCA8;&#xCC1;&#xC97;&#xCA1;&#xCCB;&#xCA3;&#xCBF; &#xC85;&#xCB5;&#xCB0; &#xCB8;&#xCA3;&#xCCD;&#xCA3;&#xC95;&#xCA4;&#xCC6;&#xC97;&#xCB3; &#xCB8;&#xC82;&#xC95;&#xCB2;&#xCA8;. &#xC87;&#xCB2;&#xCCD;&#xCB2;&#xCBF;&#xCAF; &#xC95;&#xCA4;&#xCC6;&#xC97;&#xCB3;&#xCC1; &#xCB9;&#xCB3;&#xCCD;&#xCB3;&#xCBF;&#xCAF; &#xCAC;&#xCA6;&#xCC1;&#xC95;&#xCBF;&#xCA8; &#xCAC;&#xCC7;&#xC97;&#xCC1;&#xCA6;&#xCBF;&#xC97;&#xCB3;&#xCA8;&#xCCD;&#xCA8;&#xCC1; &#xC85;&#xCB8;&#xCB9;&#xCBE;&#xCAF;&#xC95;&#xCA4;&#xCC6;&#xCAF;&#xCA8;&#xCCD;&#xCA8;&#xCC1; &#xC89;&#xCB3;&#xCCD;&#xCB3;&#xCB5;&#xCB0; &#xCA6;&#xCB0;&#xCCD;&#xCAA; &#xCB9;&#xCBE;&#xC97;&#xCC2; &#xCA8;&#xCAF; &#xCB5;&#xC82;&#xC9A;&#xC95;&#xCA4;&#xCA8;&#xCB5;&#xCA8;&#xCCD;&#xCA8;&#xCC1; &#xCAA;&#xCCD;&#xCB0;&#xCBE;&#xCA6;&#xCC7;&#xCB6;&#xCBF;&#xC95; &#xCAD;&#xCBE;&#xCB7;&#xCC6;&#xCAF;&#xCA7;&#xCCD;&#xCB5;&#xCA8;&#xCBF; &#xCAE;&#xCA4;&#xCCD;&#xCA4;&#xCC1; &#xC85;&#xCAD;&#xCBF;&#xCB5;&#xCCD;&#xCAF;&#xC95;&#xCCD;&#xCA4;&#xCBF;&#xCAF; &#xCAE;&#xCC2;&#xCB2;&#xC95; &#xC85;&#xCA8;&#xCBE;&#xCB5;&#xCB0;&#xCA3;&#xC97;&#xCCA;&#xCB3;&#xCBF;&#xCB8;&#xCC1;&#xCA4;&#xCCD;&#xCA4;&#xCB5;&#xCC6;.

&#xC86;&#xCA7;&#xCC1;&#xCA8;&#xCBF;&#xC95; &#xCB8;&#xC82;&#xC97;&#xCA4;&#xCBF;&#xC97;&#xCB3;&#xCC1; &#xCB9;&#xCB3;&#xCCD;&#xCB3;&#xCBF;&#xCAF; &#xC85;&#xC82;&#xCA4;&#xCB0;&#xCBE;&#xCB3;&#xC95;&#xCCD;&#xC95;&#xCC6; &#xC87;&#xCB3;&#xCBF;&#xCA6;&#xCC1; &#xCAE;&#xCCB;&#xCA1;&#xCBF; &#xCAE;&#xCBE;&#xCA1;&#xCC1;&#xCA4;&#xCCD;&#xCA4;&#xCB2;&#xCC7; ,&#xC95;&#xCA8;&#xCB8;&#xCBF;&#xCA8; &#xC9C;&#xC97;&#xCA4;&#xCCD;&#xCA4;&#xCA8;&#xCCD;&#xCA8;&#xCC1; &#xCA8;&#xCBF;&#xCB0;&#xCCD;&#xCAE;&#xCBE;&#xCA3; &#xCAE;&#xCBE;&#xCA1;&#xCC1;&#xCA4;&#xCCD;&#xCA4;&#xCB2;&#xCC7;, &#xC85;&#xCA6;&#xCB0; &#xC92;&#xCB3;&#xC97;&#xCBF;&#xCA8;&#xCBF;&#xC82;&#xCA6; &#xC87;&#xC9F;&#xCC1;&#xC95;&#xCC1;&#xCA4;&#xCCD;&#xCA4;&#xCB2;&#xCC7;, &#xCAC;&#xCA6;&#xCC1;&#xC95;&#xCBF;&#xCA8; &#xC96;&#xCC1;&#xCB7;&#xCBF; &#xCAE;&#xCA4;&#xCCD;&#xCA4;&#xCC1; &#xCB5;&#xCCD;&#xCAF;&#xC82;&#xC97;&#xCCD;&#xCAF;&#xC97;&#xCB3;&#xCA8;&#xCCD;&#xCA8;&#xCC1; &#xC95;&#xCA4;&#xCC6;&#xCAF;&#xCA8;&#xCCD;&#xCA8;&#xCBE;&#xC97;&#xCBF;&#xCB8;&#xCC1;&#xCA4;&#xCCD;&#xCA4;&#xCB5;&#xCC6;. &#xCA7;&#xCCD;&#xCAF;&#xCBE;&#xCA8;&#xCB8;&#xCCD;&#xCA5; &#xCB8;&#xCCD;&#xCA5;&#xCBF;&#xCA4;&#xCBF;&#xCAF;&#xCCA;&#xC82;&#xCA6;&#xCC1; &#xC8E;&#xCB2;&#xCCD;&#xCB2;&#xCB0;&#xCA8;&#xCCD;&#xCA8;&#xCC1; &#xC92;&#xC82;&#xCA6;&#xCC1;&#xC97;&#xCC2;&#xCA1;&#xCBF;&#xCB8;&#xCC1;&#xCA4;&#xCCD;&#xCA4; &#xC92;&#xCB3;&#xC97;&#xCA8;&#xCCD;&#xCA8;&#xCC1; &#xCB9;&#xCCA;&#xCB0;&#xC97;&#xCBF;&#xCA8;&#xCBF;&#xC82;&#xCA6; &#xCB9;&#xCCA;&#xCB0;&#xC97;&#xCA8;&#xCCD;&#xCA8;&#xCC1; &#xC92;&#xCB3;&#xC97;&#xCBF;&#xCA8;&#xCBF;&#xC82;&#xCA6; &#xCA8;&#xCCB;&#xCA1;&#xCC1;&#xCB5; &#xCB5;&#xCBF;&#xCB6;&#xCBF;&#xCB7;&#xCCD;&#xC9F; &#xCB8;&#xCA8;&#xCCD;&#xCA8;&#xCBF;&#xCB5;&#xCC7;&#xCB6;&#xCB5;&#xCA8;&#xCCD;&#xCA8;&#xCC1; &#xCA8;&#xCBF;&#xCB0;&#xCCD;&#xCAE;&#xCBE;&#xCA3; &#xCAE;&#xCBE;&#xCA1;&#xCC1;&#xCA4;&#xCCD;&#xCA4;&#xCB5;&#xCC6;</subfield>
  </datafield>
  <datafield tag="650" ind1=" " ind2=" ">
    <subfield code="a"> Katha sankalana</subfield>
    <subfield code="9">246099</subfield>
  </datafield>
  <datafield tag="690" ind1=" " ind2=" ">
    <subfield code="a">Kannada Fiction</subfield>
    <subfield code="9">246100</subfield>
  </datafield>
  <datafield tag="906" ind1=" " ind2=" ">
    <subfield code="a">063927</subfield>
  </datafield>
  <datafield tag="942" ind1=" " ind2=" ">
    <subfield code="2">ddc</subfield>
    <subfield code="c">BK</subfield>
  </datafield>
  <datafield tag="999" ind1=" " ind2=" ">
    <subfield code="c">139294</subfield>
    <subfield code="d">139294</subfield>
  </datafield>
  <datafield tag="952" ind1=" " ind2=" ">
    <subfield code="0">0</subfield>
    <subfield code="1">0</subfield>
    <subfield code="4">0</subfield>
    <subfield code="7">0</subfield>
    <subfield code="8">Kannada</subfield>
    <subfield code="a">AL</subfield>
    <subfield code="b">AL</subfield>
    <subfield code="c">Kannada Literature</subfield>
    <subfield code="d">2021-02-17</subfield>
    <subfield code="e">Athree Book Centre,Mangalore</subfield>
    <subfield code="g">120.00</subfield>
    <subfield code="l">0</subfield>
    <subfield code="o">K894.301 AMAS</subfield>
    <subfield code="p">063927</subfield>
    <subfield code="r">2021-02-17 00:00:00</subfield>
    <subfield code="w">2021-02-17</subfield>
    <subfield code="y">BK</subfield>
  </datafield>
</record>
